| 000 | 00468nam a2200157 a 4500 | ||
|---|---|---|---|
| 001 | 000027551 | ||
| 005 | 20240307185845.0 | ||
| 008 | 110401s1947 dr 000 0 spa d | ||
| 040 |
_aDO-SdBNP _bspa _cBNPHU |
||
| 082 |
_axxxx _bD159r |
||
| 100 | 1 |
_aDamirón, Rafael, _d1882-1956 _927287 |
|
| 245 | 1 | 0 |
_aResumen : _b(a los enemigos de Trujillo). / _cRafael Damiron. |
| 260 |
_aCiudad Trujillo, República Dominicana, _c1947. |
||
| 300 |
_a85 p. ; _c24 cm. |
||
| 049 | _aBNPD | ||
| 999 |
_c27043 _d27043 |
||